| 000 | 00915nam a2200229 a 4500 | ||
|---|---|---|---|
| 001 | 49514 | ||
| 003 | BD-RjUL | ||
| 005 | 20211209054705.0 | ||
| 008 | 160821b1967 ii ||||| |||| 00| 0 ben d | ||
| 035 | _a(BD-RjUL)49633 | ||
| 040 |
_aBD-RjUL _bben _cBD-RjUL |
||
| 041 | _aben | ||
| 082 |
_223 _a621 _bRAO 1967 |
||
| 100 |
_aরায়, শ্রীশঙ্কপ্রসাদ _9148545 |
||
| 245 | 1 | 0 |
_aওয়ার্কশপ প্র্যাকটিস / _cশ্রীশঙ্কপ্রসাদ রায় |
| 250 | _a২য় সং. | ||
| 260 |
_aকলিকাতা : _bঅ্যাাকাডেমিক পাবলিশর্স, _c১৯৬৭ |
||
| 300 |
_a২৯০ পৃ. : _bচিত্র ; _c২১ সেমি. |
||
| 650 |
_aমেকানিক্যাল ইঞ্জিনিয়ারিং _9148547 |
||
| 650 |
_vMechanical engineering _9152463 |
||
| 942 |
_2ddc _cBK |
||
| 999 |
_c49514 _d49514 |
||